000 01605cas a2200385 4500
001 2502
005 20250815152721.0
020 _a9789814281140
040 _aDLC
_beng
_cDLC
_dOCL
_dNST
_dNSD
_dWAU
_dOCLCQ
_dCUS
_dOCLCF
_dFEM
_dOCLCQ
_dQQ3
_dHCO
_dOCLCO
_dGUA
_dZQP
_dOCLCO
050 0 0 _a398.209415
100 _aSmith, Annette
245 0 0 _aStone soup /
_cRetold by Smith, Annette : Illustrated by C Lewis, Naomi
250 _aFirst published in 1998
260 _aSouth Melbourne :
_bCengage Learning Australia,
_c1998
300 _c22 cm
_a32 pages :
_bColor illustrations ;
500 _a"A journal of children's literature."
505 _aJ
520 _aA collection of simplified short versions of well known traditional tales. PM Tales and Plays retell the tale in story form and as plays in language that children can actually read.
521 _a460
_bLexile
521 _aJ
_bRaz-Plus
650 0 _aChildren's writings, American
_vPeriodicals.
650 0 _aChildren's literature, American
_vPeriodicals.
650 0 _aChildren's art
_vPeriodicals.
650 1 _aLiterature
_vCollections.
650 1 _aChildren's writings.
650 7 _aChildren's art.
_2fast
_0(OCoLC)fst00855711
650 7 _aChildren's literature, American.
_2fast
_0(OCoLC)fst00855882
650 7 _aChildren's writings, American.
_2fast
_0(OCoLC)fst00856835
655 4 _aChildren's periodicals.
655 7 _aPeriodicals.
_2fast
_0(OCoLC)fst01411641
655 7 _aPeriodicals.
_2lcgft
655 0 _aChildren's periodicals.
906 _a7
_bcbc
_cserials
_d2
_encip
_f19
_gn-oclcserc
942 _2ddc
_cBK
_n0
999 _c2502
_d2502